| 000 | 00949 a2200289 4500 | ||
|---|---|---|---|
| 999 |
_c66904 _d18196 |
||
| 001 | 66904 | ||
| 003 | TR-AnTOB | ||
| 005 | 20241121110311.0 | ||
| 008 | 230607b ||||| |||| 00| 0 tur d | ||
| 040 |
_aTR-AnTOB _beng _cTR-AnTOB _erda |
||
| 041 | _atur | ||
| 050 |
_aKKX2937.A58 _bH38 2005 |
||
| 090 | _aKKX2937.A58 H38 2005 | ||
| 100 |
_aHatipoğlu, Muzaffer _940478 |
||
| 245 | 0 |
_aAdli-idari-cezai emsal yargı kararları ışığında yeni belediye yerel yönetim hukuku ve mevzuatı / _cMuzaffer Hatipoğlu, Ali Parlar. |
|
| 246 | 2 | _aBelediye yerel yönetim hukuku ve mevzuatı | |
| 246 | 2 | _aYeni belediye yerel yönetim hukuku ve mevzuatı. | |
| 264 | 1 |
_aAnkara : _bYayın Matbaacılık, _c2005. |
|
| 300 |
_a2 v. ; _c24 cm. |
||
| 650 | 0 |
_aBelediyeler _zTürkiye _996300 |
|
| 700 |
_aParlar, Ali _940479 |
||
| 730 | 0 | _aTurkey. Laws, statutes, etc. | |
| 901 | _a0022909, 0022908. | ||
| 902 | _aMÇ | ||
| 942 |
_cBK _2lcc |
||